[Event "HUN-chT2 Breyer 1819"]
[Site "Hungary"]
[Date "2019.03.31"]
[Round "8.6"]
[White "Szabo, Lajos"]
[Black "Szavin, Mark Laszlo"]
[Result "1/2-1/2"]
[WhiteElo "2013"]
[BlackElo "1942"]
[PlyCount "58"]
[EventDate "2018.10.28"]
[EventType "team-tourn"]
[EventRounds "9"]
[EventCountry "HUN"]
[SourceTitle "EXT 2021"]
[Source "ChessBase"]
[SourceDate "2020.10.23"]
[SourceVersion "1"]
[SourceVersionDate "2020.10.23"]
[SourceQuality "1"]
[WhiteTeam "Esztergom"]
[BlackTeam "Zsambek"]
[WhiteTeamCountry "HUN"]
[BlackTeamCountry "HUN"]

1. c4 e5 2. Nc3 Nf6 3. Nf3 Nc6 4. d4 exd4 5. Nxd4 Bb4 6. Nxc6 Bxc3+ 7. bxc3 dxc6 8. Qxd8+ Kxd8 9. Bg5 Ke7 10. 0-0-0 h6 11. Bxf6+ Kxf6 12. e3 Be6 13. Be2 Rhd8 14. a3 Ke7 15. Rxd8 Rxd8 16. Re1 Rd7 17. Kc2 Kd6 18. Rd1+ Kc5 19. Rd4 Kb6 20. Kc1 c5 21. Rxd7 Bxd7 22. g3 c6 23. Kc2 Kc7 24. e4 b5 25. f4 f6 26. cxb5 cxb5 27. Bh5 Kd6 28. Bf7 a5 29. Bg8 Be6 1/2-1/2

[Event "HUN-chT2 Breyer 1718"]
[Site "Hungary"]
[Date "2018.05.06"]
[Round "11.4"]
[White "Szegi, Tamas"]
[Black "Szabo, Lajos"]
[Result "1/2-1/2"]
[WhiteElo "2211"]
[BlackElo "2008"]
[PlyCount "59"]
[EventDate "2017.09.24"]
[EventType "team-tourn"]
[EventRounds "11"]
[EventCountry "HUN"]
[SourceTitle "EXT 2021"]
[Source "ChessBase"]
[SourceDate "2020.10.23"]
[SourceVersion "1"]
[SourceVersionDate "2020.10.23"]
[SourceQuality "1"]
[WhiteTeam "Kisber Aszar"]
[BlackTeam "Esztergom"]
[WhiteTeamCountry "HUN"]
[BlackTeamCountry "HUN"]

1. e4 e6 2. d4 d5 3. e5 c5 4. c3 Nc6 5. Nf3 Bd7 6. Bd3 cxd4 7. cxd4 Qb6 8. Nc3 Nxd4 9. Nxd4 Qxd4 10. 0-0 Ne7 11. Nb5 Qxe5 12. Re1 Qb8 13. Qf3 Bxb5 14. Bxb5+ Nc6 15. Qxd5 Bd6 16. Bxc6+ bxc6 17. Qxc6+ Ke7 18. Bg5+ f6 19. Bf4 Rc8 20. Rxe6+ Kxe6 21. Re1+ Kf7 22. Qd5+ Kg6 23. Qe4+ Kf7 24. Qe6+ Kg6 25. Bxd6 Qb5 26. g4 Re8 27. Be7 Rad8 28. Qe4+ Kf7 29. Qe6+ Kg6 30. Qe4+ 1/2-1/2

[Event "HUN-chT2 Breyer 1718"]
[Site "Hungary"]
[Date "2017.10.29"]
[Round "3.2"]
[White "Horvath, Miklos"]
[Black "Szabo, Lajos"]
[Result "0-1"]
[WhiteElo "2175"]
[BlackElo "2009"]
[PlyCount "42"]
[EventDate "2017.09.24"]
[EventType "team-tourn"]
[EventRounds "11"]
[EventCountry "HUN"]
[SourceTitle "EXT 2021"]
[Source "ChessBase"]
[SourceDate "2020.10.23"]
[SourceVersion "1"]
[SourceVersionDate "2020.10.23"]
[SourceQuality "1"]
[WhiteTeam "Szekesfehervar"]
[BlackTeam "Esztergom"]
[WhiteTeamCountry "HUN"]
[BlackTeamCountry "HUN"]

1. e4 e6 2. d4 d5 3. exd5 exd5 4. Bd3 Nf6 5. Bf4 Be7 6. h3 0-0 7. Qf3 c5 8. dxc5 Nc6 9. c3 Bxc5 10. Ne2 Bd6 11. Bxd6 Qxd6 12. Qf4 Qxf4 13. Nxf4 Re8+ 14. Kf1 Bd7 15. Nd2 Ne5 16. Be2 Rad8 17. f3 g5 18. Nd3 Nxd3 19. Bxd3 Re3 20. Be2 Rde8 21. Bd1 Re1+ 0-1

[Event "HUN-chT2 Breyer 1213"]
[Site "Hungary"]
[Date "2012.10.07"]
[Round "2.5"]
[White "Bitto, Zoltan"]
[Black "Szabo, Lajos"]
[Result "1/2-1/2"]
[WhiteElo "2047"]
[BlackElo "2030"]
[PlyCount "81"]
[EventDate "2012.09.16"]
[EventType "team-tourn"]
[EventRounds "11"]
[EventCountry "HUN"]
[SourceTitle "EXT 2014"]
[Source "ChessBase"]
[SourceDate "2013.11.20"]
[SourceVersion "1"]
[SourceVersionDate "2013.11.20"]
[SourceQuality "1"]
[WhiteTeam "Zsambek"]
[BlackTeam "Esztergom"]
[WhiteTeamCountry "HUN"]
[BlackTeamCountry "HUN"]

1. d4 Nf6 2. c4 g6 3. Nc3 d5 4. cxd5 Nxd5 5. e4 Nxc3 6. bxc3 c5 7. Bc4 Bg7 8. Be3 Nc6 9. Ne2 cxd4 10. cxd4 0-0 11. 0-0 e6 12. Rc1 Na5 13. Bd3 Bd7 14. Qd2 Nc6 15. Bh6 Rc8 16. Bxg7 Kxg7 17. Qb2 f6 18. Rfd1 Rb8 19. f4 b5 20. d5 exd5 21. exd5 Qb6+ 22. Kh1 Na5 23. Nd4 Rfc8 24. Qb4 Kf7 25. Rxc8 Rxc8 26. Nxb5 Bxb5 27. Qxb5 Qxb5 28. Bxb5 Rc5 29. a4 Nb7 30. d6 Nxd6 31. Kg1 Nxb5 32. axb5 Rxb5 33. Rd7+ Ke6 34. Rxa7 h5 35. Kf2 Kf5 36. Ra4 Rb3 37. h3 Rc3 38. g3 Rc2+ 39. Kf3 Rc3+ 40. Kf2 Rc2+ 41. Kf3 1/2-1/2

[Event "HUN-chT2 Breyer 1011"]
[Site "Hungary"]
[Date "2010.11.07"]
[Round "5.4"]
[White "Szabo, Lajos"]
[Black "Horvath, Csaba2222"]
[Result "1/2-1/2"]
[WhiteElo "2033"]
[BlackElo "2201"]
[PlyCount "91"]
[EventDate "2010.09.12"]
[EventType "team-tourn"]
[EventRounds "11"]
[EventCountry "HUN"]
[SourceTitle "EXT 2012"]
[Source "ChessBase"]
[SourceDate "2011.11.24"]
[SourceVersion "1"]
[SourceVersionDate "2011.11.24"]
[SourceQuality "1"]
[WhiteTeam "Zoltek"]
[BlackTeam "Geniusz Tata"]
[WhiteTeamCountry "HUN"]
[BlackTeamCountry "HUN"]

1. d4 Nf6 2. Nf3 g6 3. Bg5 Ne4 4. Bh4 Bg7 5. Nbd2 d5 6. c3 Nxd2 7. Qxd2 0-0 8. e3 Nd7 9. Bd3 Nf6 10. Qc2 c5 11. 0-0 c4 12. Be2 Bf5 13. Qd1 h6 14. Bxf6 Bxf6 15. Ne5 Qb6 16. Qd2 Bxe5 17. dxe5 Qe6 18. Qd4 h5 19. Rad1 Rfd8 20. Rd2 b5 21. Rfd1 Qc6 22. h3 Rd7 23. g4 hxg4 24. hxg4 Be6 25. f4 Qb6 26. Rf1 Qxd4 27. Rxd4 f5 28. exf6 exf6 29. f5 gxf5 30. gxf5 Rg7+ 31. Kf2 Bxf5 32. Rxd5 Bd7 33. Rfd1 Bc6 34. Rd8+ Rxd8 35. Rxd8+ Kf7 36. Bf3 Bxf3 37. Rd7+ Kg6 38. Rxg7+ Kxg7 39. Kxf3 Kf7 40. Ke4 Ke6 41. Kf4 f5 42. e4 fxe4 43. Kxe4 Kd6 44. Kd4 Kc6 45. a4 a6 46. axb5+ 1/2-1/2

[Event "HUN-chT2 Breyer 1011"]
[Site "Hungary"]
[Date "2010.10.10"]
[Round "3.3"]
[White "Ezsol, Miklos"]
[Black "Szabo, Lajos"]
[Result "1-0"]
[WhiteElo "2351"]
[BlackElo "2033"]
[PlyCount "35"]
[EventDate "2010.09.12"]
[EventType "team-tourn"]
[EventRounds "11"]
[EventCountry "HUN"]
[SourceTitle "EXT 2012"]
[Source "ChessBase"]
[SourceDate "2011.11.24"]
[SourceVersion "1"]
[SourceVersionDate "2011.11.24"]
[SourceQuality "1"]
[WhiteTeam "Gyor Elektromos"]
[BlackTeam "Zoltek"]
[WhiteTeamCountry "HUN"]
[BlackTeamCountry "HUN"]

1. d4 Nf6 2. Nf3 g6 3. Bg5 Ne4 4. Bf4 Bg7 5. Nbd2 Nxd2 6. Qxd2 d6 7. e4 0-0 8. Bh6 Bg4 9. h3 Bxf3 10. gxf3 e5 11. Bxg7 Kxg7 12. h4 Nc6 13. d5 Nd4 14. 0-0-0 Nxf3 15. Qe3 Nxh4 16. Qg3 f5 17. Rxh4 fxe4 18. Bg2 1-0

[Event "HUN-chT2 Breyer 0910"]
[Site "Hungary"]
[Date "2009.11.08"]
[Round "1"]
[White "Rabovszky, Gyorgy"]
[Black "Szabo, Lajos"]
[Result "0-1"]
[WhiteElo "2014"]
[BlackElo "2033"]
[PlyCount "98"]
[EventDate "2009.11.08"]
[EventType "team-tourn"]
[EventRounds "11"]
[EventCountry "HUN"]
[SourceTitle "EXT 2011"]
[Source "ChessBase"]
[SourceDate "2010.11.26"]
[SourceVersion "1"]
[SourceVersionDate "2010.11.26"]
[SourceQuality "1"]
[WhiteTeam "Honved II"]
[BlackTeam "Zoltek"]
[WhiteTeamCountry "HUN"]
[BlackTeamCountry "HUN"]

1. e4 e6 2. Nf3 d5 3. e5 c5 4. b4 cxb4 5. a3 Nc6 6. axb4 Bxb4 7. c3 Bf8 8. d4 a6 9. Bd3 h6 10. h4 g6 11. g4 Qc7 12. Qc2 Rb8 13. Bf4 b5 14. Nbd2 Na5 15. h5 g5 16. Bg3 Ne7 17. 0-0 Nec6 18. Nh2 Nc4 19. Bxc4 dxc4 20. Ne4 Be7 21. f4 gxf4 22. Bxf4 Bb7 23. Qd2 Nd8 24. Rae1 b4 25. Nd6+ Bxd6 26. exd6 Qc6 27. Nf3 Rc8 28. cxb4 c3 29. Qd3 Rg8 30. d7+ Qxd7 31. Ne5 Qd5 32. Rf3 Rxg4+ 33. Nxg4 Qxf3 34. Qxf3 Bxf3 35. Nf6+ Ke7 36. Kf2 Kxf6 37. Kxf3 Nc6 38. Ke4 Nxb4 39. Bxh6 c2 40. Bf4 Na2 41. Rf1 Ke7 42. h6 c1Q 43. Bxc1 Nxc1 44. h7 Na2 45. Ra1 Nb4 46. Ra4 Nd5 47. Rxa6 Rh8 48. Ke5 Rxh7 49. Ra7+ Kf8 0-1

[Event "HUN-chT2 Breyer 0708"]
[Site "Hungary"]
[Date "2008.03.02"]
[Round "7"]
[White "Szabo, Lajos"]
[Black "Rozsnyai, Tibor"]
[Result "1-0"]
[WhiteElo "2041"]
[BlackElo "2164"]
[PlyCount "131"]
[EventDate "2007.10.14"]
[EventType "team"]
[EventRounds "11"]
[EventCountry "HUN"]
[SourceTitle "EXT 2009"]
[Source "ChessBase"]
[SourceDate "2008.11.26"]
[SourceVersion "1"]
[SourceVersionDate "2008.11.26"]
[SourceQuality "1"]
[WhiteTeam "Zoltek"]
[BlackTeam "Penzugyor II"]
[WhiteTeamCountry "HUN"]
[BlackTeamCountry "HUN"]

1. c4 Nf6 2. Nc3 e5 3. Nf3 Nc6 4. d4 exd4 5. Nxd4 Ne5 6. e3 Bb4 7. Qb3 Bxc3+ 8. Qxc3 0-0 9. Be2 d5 10. 0-0 c5 11. Nf3 Nxc4 12. Bxc4 dxc4 13. Qxc4 Qe7 14. b3 Be6 15. Qh4 Nd5 16. Qxe7 Nxe7 17. e4 Nc6 18. Bf4 Rfd8 19. Ng5 Nd4 20. Nxe6 Nxe6 21. Be3 Rd3 22. Rfd1 Rad8 23. Rxd3 Rxd3 24. Kf1 Kf8 25. Rc1 b6 26. Ke2 Rd7 27. Rc3 Ke7 28. f4 f6 29. Rd3 Rxd3 30. Kxd3 Kd6 31. f5 Nf8 32. Bf4+ Kc6 33. e5 fxe5 34. Bxe5 g6 35. Bg7 Nd7 36. fxg6 hxg6 37. Ke4 Kd6 38. h4 Ke6 39. g4 b5 40. h5 Kf7 41. h6 c4 42. Bd4 Nf8 43. bxc4 bxc4 44. Bxa7 c3 45. Kd3 Kf6 46. Be3 g5 47. Kxc3 Kg6 48. Kc4 Nd7 49. Bd4 Kxh6 50. a4 Kg6 51. a5 Nb8 52. Kd5 Kf7 53. Be5 Na6 54. Bc3 Ke7 55. Ke5 Kd7 56. Kf5 Nc5 57. Bf6 Nd3 58. Bd4 Ne1 59. Be3 Nf3 60. a6 Kc6 61. Bxg5 Nh2 62. Bd8 Nf3 63. g5 Nd4+ 64. Kf6 Nb5 65. g6 Nd6 66. g7 1-0

[Event "HUN-chT2 Breyer 0708"]
[Site "Hungary"]
[Date "2007.11.25"]
[Round "3"]
[White "Szabo, Lajos"]
[Black "Barabas, Attila"]
[Result "0-1"]
[WhiteElo "2041"]
[BlackElo "2088"]
[PlyCount "90"]
[EventDate "2007.10.14"]
[EventType "team"]
[EventRounds "11"]
[EventCountry "HUN"]
[SourceTitle "EXT 2009"]
[Source "ChessBase"]
[SourceDate "2008.11.26"]
[SourceVersion "1"]
[SourceVersionDate "2008.11.26"]
[SourceQuality "1"]
[WhiteTeam "Zoltek"]
[BlackTeam "Vertesi Eromu"]
[WhiteTeamCountry "HUN"]
[BlackTeamCountry "HUN"]

1. c4 e5 2. Nc3 Nf6 3. Nf3 d6 4. g3 Be7 5. Bg2 Nc6 6. 0-0 0-0 7. d4 Bg4 8. Be3 exd4 9. Nxd4 Nxd4 10. Qxd4 Qc8 11. Rad1 Bh3 12. b3 Bxg2 13. Kxg2 Ng4 14. Nd5 Re8 15. Bc1 Bf6 16. Qd3 Bd8 17. Bb2 Qe6 18. Rfe1 Nf6 19. Bxf6 gxf6 20. e4 Rc8 21. h3 Qe5 22. f4 Qe6 23. Qd4 b6 24. Re3 c6 25. Nc3 Bc7 26. Rde1 b5 27. f5 Qe7 28. Qxa7 bxc4 29. bxc4 Rb8 30. R1e2 Qd8 31. Qa4 Bb6 32. Rd3 Qc7 33. Qd1 Ba5 34. Nb1 Rb4 35. Qc2 Qb7 36. Rb3 c5 37. Kf3 Re5 38. g4 Qa6 39. Rxb4 cxb4 40. Qd3 Bc7 41. Rb2 Ra5 42. Rxb4 Rxa2 43. Nd2 Ba5 44. Rb8+ Kg7 45. Nf1 Qa7 0-1

[Event "HUN-chT2 Asztalos 0607"]
[Site "Hungary"]
[Date "2006.12.17"]
[Round "4"]
[White "Szabo, Lajos"]
[Black "Manyoki, Anna"]
[Result "1/2-1/2"]
[WhiteElo "2041"]
[BlackElo "1931"]
[PlyCount "41"]
[EventDate "2006.11.12"]
[EventType "team"]
[EventRounds "11"]
[EventCountry "HUN"]
[SourceTitle "EXT 2008"]
[Source "ChessBase"]
[SourceDate "2007.11.25"]
[SourceVersion "1"]
[SourceVersionDate "2007.11.25"]
[SourceQuality "1"]
[WhiteTeam "OK Travel"]
[BlackTeam "MAV Elore"]
[WhiteTeamCountry "HUN"]
[BlackTeamCountry "HUN"]

1. e4 e5 2. Nc3 Nf6 3. Bc4 Bc5 4. Nf3 d6 5. h3 Nc6 6. 0-0 a6 7. d3 h6 8. Be3 Bxe3 9. fxe3 Na5 10. Bb3 Nxb3 11. axb3 0-0 12. d4 Qe7 13. dxe5 dxe5 14. Ra5 Nd7 15. Qe1 b6 16. Nd5 Qd6 17. Ra1 Nc5 18. Qh4 Nd7 19. Ne7+ Kh8 20. Nf5 Qf6 21. Qxf6 1/2-1/2

[Event "HUN-chT2 Breyer 0506"]
[Site "Hungary"]
[Date "2005.11.13"]
[Round "3"]
[White "Csernyiczky, Laszlo"]
[Black "Szabo, Lajos"]
[Result "1-0"]
[WhiteElo "2175"]
[BlackElo "2072"]
[PlyCount "59"]
[EventDate "2005.10.16"]
[EventType "team"]
[EventRounds "11"]
[EventCountry "HUN"]
[SourceTitle "EXT 2009"]
[Source "ChessBase"]
[SourceDate "2008.11.26"]
[SourceVersion "1"]
[SourceVersionDate "2008.11.26"]
[SourceQuality "1"]
[WhiteTeam "Kiraly Sakk"]
[BlackTeam "Zoltek"]
[WhiteTeamCountry "HUN"]
[BlackTeamCountry "HUN"]

1. e4 c6 2. d4 d5 3. Nc3 dxe4 4. Nxe4 Bf5 5. Ng3 Bg6 6. h4 h6 7. Nf3 Nd7 8. c3 Ngf6 9. Bc4 e6 10. 0-0 Qc7 11. Bd3 Bxd3 12. Qxd3 Bd6 13. Nd2 Bf4 14. Nc4 0-0 15. b3 b5 16. Nd2 Bxg3 17. fxg3 e5 18. dxe5 Nxe5 19. Qf5 Rfe8 20. Nf3 Neg4 21. Qf4 Qb6+ 22. Nd4 Re4 23. Qf3 b4 24. Kh1 bxc3 25. Nf5 Ne5 26. Nxh6+ Kf8 27. Qxc3 Nd5 28. Qc2 Qd4 29. Ba3+ Ke8 30. Nf5 1-0

[Event "HUN-chT2 Breyer 0405"]
[Site "Hungary"]
[Date "2005.04.24"]
[Round "11"]
[White "Szabo, Lajos"]
[Black "Schenkerik, Csaba"]
[Result "0-1"]
[WhiteElo "2083"]
[BlackElo "2162"]
[PlyCount "72"]
[EventDate "2004.09.26"]
[EventType "team"]
[EventRounds "11"]
[EventCountry "HUN"]
[SourceTitle "EXT 2009"]
[Source "ChessBase"]
[SourceDate "2008.11.26"]
[SourceVersion "1"]
[SourceVersionDate "2008.11.26"]
[SourceQuality "1"]
[WhiteTeam "Zoltek"]
[BlackTeam "Vizugy II"]
[WhiteTeamCountry "HUN"]
[BlackTeamCountry "HUN"]

1. Nf3 f5 2. d4 Nf6 3. g3 g6 4. Bg2 Bg7 5. 0-0 0-0 6. c4 d6 7. Nc3 Qe8 8. Bg5 c6 9. Bxf6 Bxf6 10. d5 Na6 11. Rc1 Bd7 12. Nd4 Nc7 13. e3 c5 14. Nde2 b5 15. cxb5 Nxb5 16. Qd3 Rb8 17. Rfd1 Nxc3 18. bxc3 Rb2 19. Nf4 Rxa2 20. Ne6 Bxe6 21. dxe6 Qa4 22. h4 Rb8 23. Bd5 Ra3 24. Re1 Qa5 25. Rb1 Rxb1 26. Rxb1 Rxc3 27. Rb8+ Kg7 28. Qb1 Ra3 29. Qb7 Ra1+ 30. Kh2 Qe1 31. Re8 Qxf2+ 32. Kh3 Qxe3 33. Rxe7+ Bxe7 34. Qxe7+ Kh6 35. Qf8+ Kh5 36. e7 Ra3 0-1

[Event "HUN-chT2 Toth 0405"]
[Site "Hungary"]
[Date "2005.02.20"]
[Round "8"]
[White "Szabo, Lajos"]
[Black "Papp, Balazs"]
[Result "1/2-1/2"]
[WhiteElo "2083"]
[BlackElo "2006"]
[PlyCount "99"]
[EventDate "2004.09.26"]
[EventType "team"]
[EventRounds "11"]
[EventCountry "HUN"]
[SourceTitle "EXT 2009"]
[Source "ChessBase"]
[SourceDate "2008.11.26"]
[SourceVersion "1"]
[SourceVersionDate "2008.11.26"]
[SourceQuality "1"]
[WhiteTeam "Kalocsa"]
[BlackTeam "Maroczy"]
[WhiteTeamCountry "HUN"]
[BlackTeamCountry "HUN"]

1. e4 c5 2. Nf3 d6 3. g3 Nc6 4. Bg2 Nf6 5. Nc3 g6 6. 0-0 Bg7 7. h3 0-0 8. Kh2 Rb8 9. d3 b5 10. a3 a5 11. Be3 b4 12. axb4 Rxb4 13. Na4 Nd7 14. c3 Rb8 15. d4 Nb6 16. dxc5 Nc4 17. Qe2 Ba6 18. Rfd1 Nxe3 19. Qxe3 Qc7 20. Rd2 Rfd8 21. Rad1 Bc4 22. Nb6 Bb3 23. Nd5 Qa7 24. cxd6 Qxe3 25. dxe7 Qc5 26. Nf6+ Bxf6 27. Rxd8+ Nxd8 28. e8Q+ Qf8 29. Qxf8+ Kxf8 30. Rd2 Ne6 31. Nd4 Nxd4 32. cxd4 Rc8 33. e5 Bd8 34. Be4 f5 35. exf6 Bxf6 36. Kg2 Rc1 37. Kf3 Rd1 38. Rxd1 Bxd1+ 39. Ke3 Ke7 40. h4 Kd6 41. f3 Bb3 42. h5 Bf7 43. Bc2 gxh5 44. Bxh7 Kd5 45. Bb1 Bxd4+ 46. Kf4 Ke6 47. g4 hxg4 48. b3 gxf3 49. Kxf3 Kd5 50. Ba2 1/2-1/2

[Event "HUN-chT2 Breyer 0405"]
[Site "Hungary"]
[Date "2005.01.23"]
[Round "6"]
[White "Szabo, Lajos"]
[Black "Fuad Kamel Jamaliah, Natalie"]
[Result "1-0"]
[WhiteElo "2083"]
[BlackElo "1956"]
[PlyCount "99"]
[EventDate "2004.09.26"]
[EventType "team"]
[EventRounds "11"]
[EventCountry "HUN"]
[SourceTitle "EXT 2009"]
[Source "ChessBase"]
[SourceDate "2008.11.26"]
[SourceVersion "1"]
[SourceVersionDate "2008.11.26"]
[SourceQuality "1"]
[WhiteTeam "Zoltek"]
[BlackTeam "Husi II"]
[WhiteTeamCountry "HUN"]
[BlackTeamCountry "HUN"]

1. c4 e5 2. Nc3 Nf6 3. Nf3 d6 4. d4 exd4 5. Nxd4 Nc6 6. g3 Bd7 7. Bg2 Nxd4 8. Qxd4 Bc6 9. Nd5 Be7 10. 0-0 0-0 11. Bd2 Re8 12. e4 Bxd5 13. cxd5 Nd7 14. Qc4 Nb6 15. Qc2 Bf6 16. Rac1 Re7 17. b4 Qd7 18. Rfe1 Rae8 19. Re3 g6 20. Ra3 a6 21. Bc3 Bxc3 22. Rxc3 f5 23. f3 fxe4 24. fxe4 Rc8 25. Rf1 Rf8 26. Rcf3 Ref7 27. Qc1 Rxf3 28. Bxf3 Rf7 29. Qg5 Qe7 30. Qg4 Qd7 31. Qe6 Qxe6 32. dxe6 Rf6 33. e5 Rxe6 34. exd6 Rxd6 35. Bxb7 Rd2 36. Rf2 Rd4 37. a3 Rd3 38. Rf3 Rd1+ 39. Kg2 Rd2+ 40. Kh3 Kg7 41. Rc3 Nd5 42. Bxd5 Rxd5 43. Rxc7+ Kg8 44. Ra7 Rd6 45. Kg4 Rd4+ 46. Kg5 Rd5+ 47. Kf6 Rd6+ 48. Ke5 Rc6 49. Kd5 Rf6 50. a4 1-0

[Event "HUN-chT2 Breyer 0405"]
[Site "Hungary"]
[Date "2004.10.10"]
[Round "2"]
[White "Szabo, Lajos"]
[Black "Kalmar, Karoly"]
[Result "1/2-1/2"]
[WhiteElo "2083"]
[BlackElo "2056"]
[PlyCount "73"]
[EventDate "2004.09.26"]
[EventType "team"]
[EventRounds "11"]
[EventCountry "HUN"]
[SourceTitle "EXT 2009"]
[Source "ChessBase"]
[SourceDate "2008.11.26"]
[SourceVersion "1"]
[SourceVersionDate "2008.11.26"]
[SourceQuality "1"]
[WhiteTeam "Zoltek"]
[BlackTeam "Dunaharaszti II"]
[WhiteTeamCountry "HUN"]
[BlackTeamCountry "HUN"]

1. c4 e6 2. Nc3 d5 3. d4 Nf6 4. Nf3 Be7 5. Bf4 0-0 6. e3 c6 7. Bd3 dxc4 8. Bxc4 Nd5 9. Bxb8 Rxb8 10. 0-0 Nxc3 11. bxc3 Qa5 12. Qc2 Bf6 13. Rab1 Bd7 14. Nd2 g6 15. Ne4 Be7 16. f4 Kg7 17. Nd2 Qc7 18. e4 b5 19. Bd3 c5 20. f5 cxd4 21. fxe6 fxe6 22. Rxf8 Rxf8 23. cxd4 Qxc2 24. Bxc2 Bg5 25. Nf3 Be3+ 26. Kh1 Rc8 27. Bb3 Kf6 28. Re1 Rc1 29. Rxc1 Bxc1 30. Kg1 a5 31. Ne5 Be8 32. Kf2 a4 33. Bc2 Ke7 34. Nd3 Bd2 35. Ke2 Bc3 36. Ke3 Bc6 37. Ne5 1/2-1/2

[Event "HUN-chT2 Breyer 0304"]
[Site "Hungary"]
[Date "2004.04.04"]
[Round "10"]
[White "Szabo, Lajos"]
[Black "Vass, Istvan"]
[Result "1-0"]
[WhiteElo "2116"]
[BlackElo "2108"]
[PlyCount "73"]
[EventDate "2003.09.28"]
[EventType "team"]
[EventRounds "11"]
[EventCountry "HUN"]
[SourceTitle "EXT 2009"]
[Source "ChessBase"]
[SourceDate "2008.11.26"]
[SourceVersion "1"]
[SourceVersionDate "2008.11.26"]
[SourceQuality "1"]
[WhiteTeam "Zoltek"]
[BlackTeam "MAFC"]
[WhiteTeamCountry "HUN"]
[BlackTeamCountry "HUN"]

1. c4 Nf6 2. Nf3 g6 3. g3 Bg7 4. Bg2 d6 5. 0-0 0-0 6. Nc3 e5 7. d3 Nc6 8. a3 a5 9. Ng5 h6 10. Nge4 Nxe4 11. dxe4 Be6 12. b3 Qd7 13. Nd5 Ne7 14. Bb2 Nxd5 15. cxd5 Bh3 16. Rc1 Bxg2 17. Kxg2 f5 18. Qc2 Rac8 19. Bc3 b6 20. Bd2 f4 21. f3 g5 22. h3 fxg3 23. Be3 Bf6 24. Qd2 a4 25. b4 Rfd8 26. Rc6 Kg7 27. Rfc1 Rf8 28. Qc2 Bd8 29. Bxb6 Rf4 30. Kxg3 Rh4 31. Rxc7 Bxc7 32. Qxc7 Rxc7 33. Rxc7 Qxc7 34. Bxc7 Rf4 35. b5 Rf7 36. b6 Rd7 37. b7 1-0

[Event "HUN-chT2 Breyer 0304"]
[Site "Hungary"]
[Date "2004.03.21"]
[Round "9"]
[White "Czimer, Jozsef"]
[Black "Szabo, Lajos"]
[Result "1/2-1/2"]
[WhiteElo "1993"]
[BlackElo "2116"]
[PlyCount "35"]
[EventDate "2003.09.28"]
[EventType "team"]
[EventRounds "11"]
[EventCountry "HUN"]
[SourceTitle "EXT 2009"]
[Source "ChessBase"]
[SourceDate "2008.11.26"]
[SourceVersion "1"]
[SourceVersionDate "2008.11.26"]
[SourceQuality "1"]
[WhiteTeam "MAV Elore"]
[BlackTeam "Zoltek"]
[WhiteTeamCountry "HUN"]
[BlackTeamCountry "HUN"]

1. e4 c5 2. c3 d5 3. exd5 Qxd5 4. Nf3 Nf6 5. d4 cxd4 6. Qxd4 Nc6 7. Qxd5 Nxd5 8. Bb5 a6 9. Ba4 Bd7 10. 0-0 e6 11. Nbd2 Be7 12. Re1 0-0 13. Bb3 Rfe8 14. Nc4 Rac8 15. Nce5 Nxe5 16. Nxe5 Bc6 17. Bd2 Nb6 18. Nxc6 1/2-1/2

[Event "HUN-chT2 Breyer 0203"]
[Site "Hungary"]
[Date "2003.04.06"]
[Round "10"]
[White "Leidl, Istvan Jr"]
[Black "Szabo, Lajos"]
[Result "1/2-1/2"]
[WhiteElo "2004"]
[BlackElo "2093"]
[PlyCount "65"]
[EventDate "2002.09.22"]
[EventType "team"]
[EventRounds "11"]
[EventCountry "HUN"]
[SourceTitle "EXT 2009"]
[Source "ChessBase"]
[SourceDate "2008.11.26"]
[SourceVersion "1"]
[SourceVersionDate "2008.11.26"]
[SourceQuality "1"]

1. d4 Nf6 2. c4 g6 3. Nc3 d5 4. Nf3 Bg7 5. e3 0-0 6. Qb3 c6 7. a4 b6 8. Be2 Ba6 9. 0-0 e6 10. cxd5 exd5 11. Qc2 Bxe2 12. Nxe2 Qd6 13. b3 Rc8 14. Ba3 Qd8 15. Rac1 Nbd7 16. Qd3 Ne4 17. Nd2 Ndf6 18. Nxe4 Nxe4 19. Rc2 Bf8 20. Bxf8 Kxf8 21. Rfc1 Qd6 22. f3 Ng5 23. Nf4 Rc7 24. Qd2 Ne6 25. Nxe6+ fxe6 26. e4 dxe4 27. fxe4 Rd8 28. Rc4 Kg8 29. b4 Rf8 30. Qe3 Rcf7 31. h3 Rf3 32. e5 Rxe3 33. exd6 1/2-1/2

[Event "HUN-chT2 Breyer 0203"]
[Site "Hungary"]
[Date "2003.03.02"]
[Round "8"]
[White "Hegedus, Peter"]
[Black "Szabo, Lajos"]
[Result "0-1"]
[WhiteElo "2054"]
[BlackElo "2093"]
[PlyCount "82"]
[EventDate "2002.09.22"]
[EventType "team"]
[EventRounds "11"]
[EventCountry "HUN"]
[SourceTitle "EXT 2009"]
[Source "ChessBase"]
[SourceDate "2008.11.26"]
[SourceVersion "1"]
[SourceVersionDate "2008.11.26"]
[SourceQuality "1"]

1. e4 e6 2. d4 d5 3. exd5 exd5 4. Bd3 Nf6 5. Nc3 Bg4 6. Nge2 c6 7. Bf4 Be7 8. h3 Bh5 9. Qd2 Bg6 10. Ng3 0-0 11. 0-0-0 b5 12. Nf5 Bxf5 13. Bxf5 Ne8 14. Kb1 Nd6 15. Bxd6 Bxd6 16. Ne2 Qf6 17. Bd3 Qxf2 18. Rdf1 Qh4 19. g3 Qe7 20. Nf4 Na6 21. Nh5 f6 22. Nf4 Bxf4 23. Rxf4 Rae8 24. a4 Nc7 25. Rh4 g6 26. Rf4 bxa4 27. h4 Qe3 28. Qd1 Ne6 29. Re1 Qxe1 30. Qxe1 Nxf4 31. Qc3 Nxd3 32. Qxd3 f5 33. Qa6 Rf6 34. Qxa7 h6 35. Qxa4 g5 36. hxg5 hxg5 37. c4 f4 38. cxd5 f3 39. dxc6 f2 40. c7 f1Q+ 41. Ka2 Ra6 0-1